000 00555nam a2200205 a 4500
001 BRCA_7198
005 20190320205740.0
008 160112s1953----nyua######---#000-0#eng-#
041 _aeng
044 _anyu
050 4 _aN7445.2
_b.B47 1953
100 1 _aBerenson, Bernard
_d1865-1959
_917837
245 1 0 _aSeeing and knowing
_cBernard Berenson.
260 _aNueva York
_bMacmillan
_c1953
300 _a48 p.
_bil., 88 láminas
_c21 cm.
500 _aP92
650 1 4 _aArte
_vDiscursos, ensayos, conferencias
_917838
902 _aGFM
942 _2lcc
_cB
999 _c6879
_d6879